000 00471nam a2200181Ia 4500
003 GCL
008 140319s9999 xx 000 0 eng d
040 _aGCL /
_cGCL
082 0 4 _a741.942
_bP E
100 1 _aPECIRKA, JAROMIR
245 1 0 _aEDGAR DEGAS: PASTELS, LAVIS, GOUACHES ESQUISSES /
_cPECIRKA, JAROMIR
260 _a[S.N] :
_bEDITIONS CERCLED D'ART ،
_c1987
300 _a68 P
650 0 4 _aARTS
650 0 4 _aPAINTING
650 0 4 _aDEGAS
942 _2ddc
_cBK
999 _c20988
_d20988